Histórias de um leque mágico (Registo nº 6119)

Detalhes MARC
000 -Etiqueta do registo
Valores 01379nam a2200277 4500
010 ## - Número ISBN
ISBN 9789895579273
021 ## - Número do Depósito Legal
Número 396700/15
100 ## - Dados gerais de processamento
Dados gerais 20260122d2015 c||y0pory50030103ba
200 1# - Titulo e menção de responsabilidade
Título próprio Histórias de um leque mágico
Primeira menção de responsabilidade Rosário Alçada Araújo
Outras menções de responsabilidade il. Carla Nazareth
205 ## - Menção da edição
Edição 2º ed
210 #9 - Publicação
Local de publicação Alfragide
Nome do editor Gailivro
Data de publicação 2015
215 ## - Descrição física 
Paginação / Volumes 33, [3] p.
Outras indicações físicas il.
Dimensões 25 cm
225 2# - Colecção 
Título próprio da colecção Vira a página
330 ## - Sumário ou Resumo
Texto da nota Aquele presente que o pai trouxera à Marta do outro lado do mundo parecia especial: um leque grande que tinha sido comprado a um contador de histórias.<br/>O que a menina não sabia é que o leque era mágico. E que algures, lá longe, alguém contava com a sua ajuda para que o mundo das histórias chegasse a toda a gente e alimentasse a fada da sabedoria que vive em cada um de nós.<br/>Uma aventura que convida o leitor a pensar na importância da imaginação e a recordar que esse universo nunca poderá ter fim.
606 ## - Nome comum usado como assunto
ID Autoridade 14
Palavra de ordem Literatura infantil
606 ## - Nome comum usado como assunto
ID Autoridade 15
Palavra de ordem Literatura Portuguesa
675 ## - CDU
Notação 82-93
Edição BN
Língua por
675 ## - CDU
Notação 821.134.3
Edição BN
Língua por
700 ## - Autor principal (pessoa individual)
Apelido Araújo
Nome Rosário Alçada
Datas 1973-
ID Autoridade 164
702 ## - Autor secundário (pessoa individual)
Apelido Nazareth
Nome Carla
Datas 1975-
ID Autoridade 43
801 #0 - Fonte de origem
País PT
Agência BMVN
Regras de catalogação RPC
830 ## - Notas gerais do catalogador
Criado por Ana Caetano
Data de criação 22/01/2026
856 41 - Localização e acesso electrónico 
URL <a href="http://rnod.bnportugal.gov.pt/ImagesBN/winlibimg.aspx?skey=&doc=1918624&img=70495&save=true">http://rnod.bnportugal.gov.pt/ImagesBN/winlibimg.aspx?skey=&doc=1918624&img=70495&save=true</a>
990 ## - Elementos KOHA
Tipo de documento Livro
Exemplares
Situação do levantamento Biblioteca de origem Código de barras Cota Permissão de empréstimo Tipo de documento Forma de aquisição
  Biblioteca Escola Nº2 Vendas Novas 100000008104 LI POR/ARA   Livro  

Powered by Koha